Biggest Cities by Region of Western Europe (with map) - Statistics

General Stats
  • This quiz has been taken 417 times
  • The average score is 103 of 249
Answers on the Map
Answers color-coded by a green-red scale on the quiz's map according to % correct below.
 
Answer Stats
Country Region Pop Regions % Correct
United Kingdom England 8.91 m London
97%
Spain Madrid 3.22 m Madrid
96%
Italy Lazio 2.86 m Rome
96%
Germany Berlin 3.77 m Berlin
95%
Netherlands North Holland 1.11 m Amsterdam
94%
Spain Catalonia 1.62 m Barcelona
94%
Italy Lombardy 1.38 m Milan
94%
France Île-de-France 2.19 m Paris
94%
Greece Attica 664 k Athens
93%
Belgium Brussels 1.21 m Brussels
93%
Ireland Dublin 554 k Dublin
93%
Germany Bavaria 1.47 m Munich
93%
Italy Campania 967 k Naples
93%
Austria Vienna 1.89 m Vienna
93%
Denmark Capital Region 794 k Copenhagen
92%
United Kingdom Scotland 612 k Glasgow
92%
Germany Hamburg 1.90 m Hamburg
92%
Portugal Lisbon 505 k Lisbon
92%
Norway Oslo 693 k Oslo
92%
Sweden Stockholm 975 k Stockholm
92%
United Kingdom Wales 364 k Cardiff
91%
United Kingdom Northern Ireland 342 k Belfast
90%
Finland Uusimaa 650 k Helsinki
90%
France Provence-Alpes-Côte d'Azur 863 k Marseille
90%
Netherlands South Holland 651 k Rotterdam
90%
Italy Piedmont 876 k Turin
90%
France Auvergne-Rhône-Alpes 513 k Lyon
89%
Italy Veneto 261 k Venice
89%
Germany North Rhine-Westphalia 1.08 m Cologne
88%
Spain Andalusia 688 k Seville
88%
France Nouvelle Aquitaine 254 k Bordeaux
87%
Portugal Porto 287 k Porto
87%
Spain Valencia 801 k Valencia
87%
Italy Tuscany 383 k Florence
86%
Germany Hesse 753 k Frankfurt am Main
86%
Italy Sicily 676 k Palermo
86%
Switzerland Bern 134 k Bern
85%
Switzerland Zürich 415 k Zürich
85%
Belgium Flanders 523 k Antwerp
84%
Switzerland Geneva 202 k Geneva
84%
Spain Basque Country 346 k Bilbao
83%
Italy Liguria 580 k Genoa
83%
Sweden Skåne 317 k Malmö
83%
France Occitanie 479 k Toulouse
83%
Ireland Cork 210 k Cork
82%
France Hauts-de-France 233 k Lille
82%
Iceland Capital Region 131 k Reykjavík
82%
Sweden Västra Götaland 579 k Gothenburg
81%
France Grand Est 281 k Strasbourg
81%
Germany Baden-Württemberg 635 k Stuttgart
81%
Norway Vestland 284 k Bergen
80%
Germany Bremen 569 k Bremen
79%
Greece Central Macedonia 315 k Thessaloniki
79%
France Pays de la Loire 309 k Nantes
78%
Austria Salzburg 157 k Salzburg
78%
Spain Balearic Islands 409 k Palma
75%
Italy Apulia 327 k Bari
74%
Switzerland Basel-Stadt 177 k Basel
74%
Spain Aragon 667 k Zaragoza
74%
Denmark Central Denmark 273 k Aarhus
73%
Germany Saxony 587 k Leipzig
72%
Italy Emilia-Romagna 392 k Bologna
71%
Austria Styria 295 k Graz
71%
Germany Lower Saxony 538 k Hanover
71%
Netherlands Utrecht 358 k Utrecht
71%
Austria Tyrol 132 k Innsbruck
70%
Italy Friuli-Venezia Giulia 204 k Trieste
70%
Italy Sardinia 154 k Cagliari
68%
Belgium Wallonia 197 k Liège
67%
Austria Upper Austria 205 k Linz
67%
Spain Murcia 447 k Murcia
67%
Greece Crete 141 k Heraklion
66%
France Brittany 217 k Rennes
64%
Germany Schleswig-Holstein 247 k Kiel
63%
France Corsica 70.6 k Ajaccio
62%
France Bourgogne Franche-Comté 157 k Dijon
62%
Norway Trøndelag 199 k Trondheim
62%
Ireland Limerick 94.2 k Limerick
61%
Spain Canary Islands 378 k Las Palmas
60%
Ireland Galway 79.9 k Galway
59%
United Kingdom Gibraltar 34.0 k Westside (Gibraltar)
59%
Netherlands North Brabant 231 k Eindhoven
58%
Switzerland Vaud 139 k Lausanne
58%
Germany Saarland 180 k Saarbrücken
58%
Finland Pirkanmaa 235 k Tampere
58%
Sweden Uppsala 172 k Uppsala
58%
Denmark North Denmark 141 k Aalborg
57%
Netherlands Groningen 217 k Groningen
57%
France Normandy 170 k Le Havre
57%
Finland North Ostrobothnia 188 k Oulu
57%
Finland Southwest Finland 191 k Turku
55%
Germany Brandenburg 178 k Potsdam
54%
Netherlands Limburg 121 k Maastricht
53%
Spain Navarre 199 k Pamplona
53%
Germany Mecklenburg-Vorpommern 208 k Rostock
53%
Norway Troms og Finnmark 76.9 k Tromsø
52%
Spain Galicia 295 k Vigo
51%
Denmark Southern Denmark 180 k Odense
50%
Greece South Aegean 49.5 k Rhodes
49%
Portugal Braga 192 k Braga
47%
Spain Castile and León 298 k Valladolid
47%
France Centre-Val de Loire 136 k Tours
46%
Switzerland Lucerne 81.7 k Lucerne
45%
United Kingdom Isle of Man 27.9 k Douglas
44%
Germany Rhineland-Palatinate 217 k Mainz
43%
Norway Rogaland 135 k Stavanger
43%
Ireland Waterford 53.5 k Waterford
42%
Portugal Madeira 112 k Funchal
41%
Spain Asturias 272 k Gijón
40%
Italy Calabria 200 k Reggio Calabria
40%
Greece West Greece 167 k Patras
39%
Spain Cantabria 172 k Santander
39%
Italy Trentino-Alto Adige 118 k Trento
39%
Switzerland Ticino 63.2 k Lugano
38%
Portugal Coimbra 143 k Coimbra
37%
Germany Thuringia 214 k Erfurt
36%
Austria Carinthia 100 k Klagenfurt
36%
Italy Aosta Valley 34.8 k Aosta
35%
Norway Agder 93.2 k Kristiansand
35%
Sweden Västerbotten 89.6 k Umeå
35%
Greece Ionian Islands 32.1 k Corfu
34%
Switzerland St. Gallen 75.3 k St. Gallen
34%
Sweden Gotland 24.3 k Visby
33%
Italy Marche 101 k Ancona
32%
Spain Extremadura 151 k Badajoz
32%
Finland Lapland 50.8 k Rovaniemi
32%
Germany Saxony-Anhalt 239 k Halle (Saale)
31%
Greece Thessaly 144 k Larissa
31%
Netherlands Gelderland 168 k Nijmegen
30%
Sweden Jönköping 93.8 k Jönköping
29%
Sweden Örebro 125 k Örebro
29%
Italy Umbria 168 k Perugia
29%
Ireland Kilkenny 26.5 k Kilkenny
28%
Sweden Östergötland 104 k Linköping
28%
Italy Abruzzo 119 k Pescara
28%
Netherlands Overijssel 159 k Enschede
27%
Ireland Wexford 20.2 k Wexford
27%
Denmark Faroe Islands 19.2 k Tórshavn
26%
Sweden Västmanland 128 k Västerås
26%
Spain Castilla-La Mancha 173 k Albacete
25%
Sweden Kalmar 36.3 k Kalmar
25%
Finland Päijänne Tavastia 116 k Lahti
25%
Netherlands Flevoland 208 k Almere
24%
Spain La Rioja 151 k Logroño
24%
Switzerland Fribourg 38.2 k Fribourg
23%
Ireland Sligo 19.2 k Sligo
23%
Iceland Northeastern 18.9 k Akureyri
22%
Norway Nordland 55.7 k Bodø
22%
Netherlands Friesland 92.1 k Leeuwarden
22%
Portugal Évora 56.6 k Évora
21%
Iceland Southern Peninsula 17.8 k Reykjanesbær
21%
Denmark Zealand 51.2 k Roskilde
21%
Sweden Norrbotten 77.8 k Luleå
20%
Netherlands Zeeland 48.0 k Middelburg
20%
Norway Møre og Romsdal 52.6 k Ålesund
19%
Portugal Aveiro 78.4 k Aveiro
19%
Portugal Beja 35.8 k Beja
19%
Finland Central Finland 117 k Jyväskylä
19%
Austria Lower Austria 54.6 k Sankt Pölten
19%
Switzerland Schaffhausen 36.0 k Schaffhausen
19%
Switzerland Zug 30.5 k Zug
19%
Greece East Macedonia and Thrace 57.8 k Alexandroupoli
18%
Portugal Bragança 35.3 k Bragança
18%
Greece Epirus 65.7 k Ioannina
18%
Finland Åland 11.8 k Mariehamn
18%
Portugal Azores 68.8 k Ponta Delgada
18%
Finland Northern Savonia 83.4 k Kuopio
17%
Portugal Leiria 127 k Leiria
17%
United Kingdom Jersey 33.5 k Saint Helier
17%
Finland Ostrobothnia 65.4 k Vaasa
17%
Netherlands Drenthe 56.0 k Emmen
16%
Sweden Gävleborg 75.5 k Gävle
16%
Switzerland Valais 34.7 k Sion
16%
Sweden Kronoberg 66.3 k Växjö
16%
Finland Satakunta 84.4 k Pori
15%
Italy Basilicata 67.3 k Potenza
15%
Portugal Santarém 61.7 k Santarém
15%
Portugal Vila Real 51.8 k Vila Real
15%
Portugal Viseu 99.0 k Viseu
15%
Italy Molise 49.2 k Campobasso
14%
Switzerland Graubünden 35.4 k Chur
14%
Greece Peloponnese 54.6 k Kalamata
14%
Portugal Viana do Castelo 88.7 k Viana do Castelo
14%
Sweden Halland 66.1 k Halmstad
13%
Sweden Värmland 61.5 k Karlstad
13%
United Kingdom Guernsey 18.9 k Saint Peter Port
13%
Portugal Guarda 42.5 k Guarda
12%
Ireland Roscommon 5.9 k Roscommon
12%
Ireland Carlow 24.3 k Carlow
11%
Ireland Cavan 10.9 k Cavan
11%
Ireland Louth 40.1 k Drogheda
11%
Ireland Longford 10.0 k Longford
11%
Sweden Jämtland 49.8 k Östersund
11%
Portugal Setúbal 174 k Almada
10%
Switzerland Appenzell Innerrhoden 6.0 k Appenzell
10%
Finland North Karelia 64.1 k Joensuu
10%
Finland South Karelia 54.6 k Lappeenranta
10%
Ireland Monaghan 7.7 k Monaghan
10%
Portugal Faro 55.6 k Portimão
10%
Greece Central Greece 59.1 k Chalcis
9%
Austria Vorarlberg 49.3 k Dornbirn
9%
Austria Burgenland 14.5 k Eisenstadt
9%
Finland Southern Savonia 35.9 k Mikkeli
9%
Norway Viken 108 k Sandvika (Bærum)
9%
Iceland Western 7.4 k Akranes
8%
Portugal Portalegre 23.1 k Elvas
8%
Sweden Södermanland 67.3 k Eskilstuna
8%
Switzerland Glarus 18.4 k Glarus Nord
8%
Norway Innlandet 31.6 k Hamar
8%
Finland Kymenlaakso 52.9 k Kotka
8%
Ireland Donegal 19.3 k Letterkenny
8%
Greece North Aegean 29.6 k Mytilene
8%
Ireland Meath 30.2 k Navan
8%
Iceland Southern 6.9 k Selfoss
8%
Switzerland Aargau 21.5 k Aarau
7%
Ireland Wicklow 22.6 k Bray
7%
Sweden Blekinge 32.5 k Karlshamn
7%
Finland Central Ostrobothnia 47.7 k Kokkola
7%
Norway Vestfold og Telemark 63.6 k Sandefjord
7%
Ireland Westmeath 21.3 k Athlone
6%
Sweden Dalarna 43.4 k Borlänge
6%
Ireland Clare 25.3 k Ennis
6%
Finland Tavastia Proper 49.4 k Hämeenlinna
6%
Ireland Kerry 23.7 k Tralee
6%
Iceland Westfjords 2.7 k Ísafjörður
5%
Finland South Ostrobothnia 46.6 k Seinäjoki
5%
Ireland Offaly 14.6 k Tullamore
5%
Ireland Leitrim 4.1 k Carrick-on-Shannon
4%
Ireland Mayo 12.1 k Castlebar
4%
Ireland Tipperary 17.1 k Clonmel
4%
Portugal Castelo Branco 51.8 k Covilhã
4%
Switzerland Jura 12.7 k Delémont
4%
Switzerland Thurgau 25.6 k Frauenfeld
4%
Sweden Västernorrland 17.5 k Härnösand
4%
Finland Kainuu 36.9 k Kajaani
4%
Greece Mount Athos 163 Karyes
4%
Greece West Macedonia 42.6 k Kozani
4%
Switzerland Solothurn 18.3 k Olten
4%
Ireland Laois 22.0 k Port Laoise
4%
Switzerland Uri 9.4 k Altdorf
3%
Switzerland Appenzell Ausserrhoden 15.7 k Herisau
3%
Switzerland Neuchâtel 37.9 k La Chaux-de-Fonds
3%
Ireland Kildare 22.7 k Newbridge
3%
Switzerland Basel-Landschaft 21.1 k Allschwil
2%
Iceland Eastern 2.4 k Egilsstaðir
2%
Switzerland Schwyz 16.4 k Freienbach
2%
Switzerland Obwalden 10.4 k Sarnen
2%
Iceland Northwestern 2.6 k Sauðárkrókur
2%
Switzerland Nidwalden 8.4 k Stans
2%
No matching quizzes found
Score Distribution
Percent of People with Each Score
Percentile by Number Answered
Your Score History
You have not taken this quiz